Hungary True or False? - Statistics

General Stats
  • This quiz has been taken 349 times
  • The average score is 12 of 15
Answer Stats
Question Answer % Correct
Goulash comes from Hungary True
96%
Hungary is a Slavic Nation False
94%
Hungary is a Catholic country True
92%
Burgenland is in Hungary False
91%
Hungary borders Poland False
89%
Hungary was part of the Warsaw Pact True
89%
Hungary is landlocked True
89%
The city of Budapest is the merger of Buda and Pest True
87%
Paprika comes from Hungary True
79%
Fuels and Electricity is Hungary's main export False
75%
Hungary has the lowest life expectancy of any developed country False
70%
Hungary has been ruled by the same political party since 1998 False
70%
Hungary is smaller than Austria False
64%
Hungary once invaded Ukraine False
57%
Hungary was been part of the Mongol Empire False
53%
No matching quizzes found
Score Distribution
Percent of People with Each Score
Percentile by Number Answered
Your Score History
You have not taken this quiz